00578cam a22001817a 4500003000500000005001700005008004100022010001000063011001000073035001000083040000900093100003200102245011300134260006200247300002200309650002700331650003800358CHAP20220329141709.0971013s1972 r 00010 d a72368 a73340 a82897 cCHAP00aGarcía Benavides, Javier. 0aZonificación ecológica de los cultivos de consumo básico y potenciales de exportación para Venezuela aMaracay :bCentro de Investigaciones Agronómicas,c1972 a31 p.b: gráfs.14aEcología agrícola.14aPolítica agrícolaxVenezuela.